00477nam a22001097a 4500040000800000082002600008100001400034245018100048260002600229300002500255856008700280 cRUA aAGR HY 2013 B057 Or.1 aHY, RYDA. aReproductive feed of golden apple snail, របបចំណីអាហារទៅលើការបន្តពូជរបស់ខ្យងមាសស៊ីស្រូវ aPhnom PenhbRUAc2013 ax; 34p.bill.c29cm. uhttps://drive.google.com/file/d/1PsBKuzeYOoS7Y27EYzOMtamit-cInChe/view?usp=sharing